000 00528nam a2200133Ia 4500
005 20260209120152.0
008 260209s9999||||xx |||||||||||||| ||und||
100 _aHitesh Nagar
245 0 _aCross-border insolvency under the insolvency and bankruptcy code, 2026 - a comparative analysis
260 _aBangaloreBangalore
_bNLSIU, Bangalore
_c2024 - 2025
300 _a37 p. ; 25 cm.
700 _aProf. Dr. O V Nandimath - SupervisorProf. Dr. O V Nandimath - Supervisor
856 _uhttps://dans.nls.ac.in/handle/123456789/2465
999 _c217764
_d217764